Demography: a status study on population research in India (Record no. 12459)
[ view plain ]
| 000 -LEADER | |
|---|---|
| fixed length control field | 00482nam a2200169Ia 4500 |
| 082 ## - DEWEY DECIMAL CLASSIFICATION NUMBER | |
| Classification number | 304.60720954 JAI-; |
| 100 ## - MAIN ENTRY--AUTHOR NAME | |
| Personal name | Jain, S.P. |
| 245 #0 - TITLE STATEMENT | |
| Title | Demography: a status study on population research in India |
| 260 ## - PUBLICATION, DISTRIBUTION, ETC. (IMPRINT) | |
| Place of publication | New Delhi |
| Name of publisher | Tata McGraw-Hill Publishing |
| Year of publication | 1975 |
| 300 ## - PHYSICAL DESCRIPTION | |
| Number of Pages | 265p. |
| 500 ## - GENERAL NOTE | |
| General note | Contents: Vol.2. |
| 650 ## - SUBJECT ADDED ENTRY--TOPICAL TERM | |
| Topical Term | Demography - India |
| 650 ## - SUBJECT ADDED ENTRY--TOPICAL TERM | |
| Topical Term | Birth control - India |
| 650 ## - SUBJECT ADDED ENTRY--TOPICAL TERM | |
| Topical Term | Fertility, Human |
| 650 ## - SUBJECT ADDED ENTRY--TOPICAL TERM | |
| Topical Term | Population research - India |
| 942 ## - ADDED ENTRY ELEMENTS (KOHA) | |
| Koha item type | Books |
| Source of classification or shelving scheme | Dewey Decimal Classification |
| Withdrawn status | Lost status | Damaged status | Not for loan | Home library | Current library | Date acquired | Full call number | Accession Number | Price effective from | Koha item type |
|---|---|---|---|---|---|---|---|---|---|---|
| NASSDOC Library | NASSDOC Library | 08/06/2004 | 304.60720954 JAI-; | 7101 | 18/04/2019 | Books |
